Регионална библиотека "Любен Каравелов" - Русе

Ресторантьорство и хотелиерство (Запис номер 71348)

MARC детайли
000 -Лидер
Контролно поле с фиксирана дължина 02045nam a2200409 c 4500
003 - Код на организацията, давaща контролен номер
Контролно поле BLK
005 - Дата и час на последна редакция
Контролно поле 20190418125703.0
008 - Елементи от данни с фиксирана дължина
fixed length control field 180408b bul|||||r ||||||| ||bul||
010 ## - Наследен системен номер
LC control number KNG00075716000
020 ## - Международен стандартен номер на книга ISBN
Международен стандартен номер на книга ISBN 978-954-8401-58-6
-- издат.: Тракия-М
040 ## - Източник на каталожния запис
Идентификатор на билиотеката - собственик на записа BLK
041 ## - Код за език
Код за езика на текст/звукозапис или на отделно заглавие Български
Код за езика КДБФ Български
080 ## - УДК
Текстов определител УДК Туризмът от стопанско гледище. Политика по отношение на туризма. Икономика и организация на туризма. Вътрешен и международен туризъм. Вж и 379.8
УДК код - определител по УДК 338.48
УДК определител (075.8)
УДК - код + определител 338.48(075.8)
080 ## - УДК
Текстов определител УДК Хотели
УДК код - определител по УДК 640.412
УДК определител (075.8)
УДК - код + определител 640.412(075.8)
080 ## - УДК
Текстов определител УДК Столове, ресторанти, кафенета, бюфети и др.
УДК код - определител по УДК 640.43
УДК определител (075.8)
УДК - код + определител 640.43(075.8)
100 1# - Редна дума - Автор
Автор Рибов, Манол Николов
Авторска отговорност първи автор
R(LIN) 368498
139 ## - Редно поле
Редна дума Ресторантьорство и хотелиерство
Авторски знак Реп - Р 53
245 10 - Сведения за заглавието
Заглавие Ресторантьорство и хотелиерство
Редно поле (дума) Манол Николов Рибов.
257 ## - Страна на издаване
Страна на създаване/издаване България
260 ## - Област на издателските данни
-- София
Име на издателя, разпространителя и проч. Тракия-М
Година на издаване 2007
300 ## - Физическа характеристика
Страници 683 с.
Илюстрации и др. с табл.
Размери/Мащаб 26 см
380 ## - Жанр
Жанр Техника
500 ## - Общи забележки
Забележка Други авт. : М. Станкова, П. Димитров, Л. Гръчка. - Офс. изд.
650 #4 - Допълнително описание по предмет – тема
Основно описание – тема или топоним Стопански туризъм - икономика и организация - учебници за ВУЗ
9 (RLIN) 243762
650 #4 - Допълнително описание по предмет – тема
Основно описание – тема или топоним Туристическо обслужване - учебници за ВУЗ
9 (RLIN) 249970
650 #4 - Допълнително описание по предмет – тема
Основно описание – тема или топоним Хотелиерство - икономика и организация - учебници за ВУЗ
9 (RLIN) 260018
653 ## - Ключова дума – ненормативна
Ключова дума туризъм
653 ## - Ключова дума – ненормативна
Ключова дума стопански туризъм
653 ## - Ключова дума – ненормативна
Ключова дума хотелиерство
653 ## - Ключова дума – ненормативна
Ключова дума ресторантьорство
653 ## - Ключова дума – ненормативна
Ключова дума учебници за ВУЗ
852 ## - Местоположение
Форматна сигнатура Цб ІІ 14618
856 4# - Електронен адрес и достъп
Електронен формат pdf - файл
Път до файла /url/
856 4# - Електронен адрес и достъп
Електронен формат pdf - файл
Път до файла /url/
942 ## - АРТИКУЛИ
Вид на библиотечния материал Книги
Скрит в OPAC Не
Koha issues (borrowed), all copies 4
944 ## - СЪЗДАВАНЕ И РЕДАКЦИЯ на ЗАПИСА
Създаване/Редакция Създаване
Дата на регистрацията/редакция 14.06.2007
Служител, извършил регистрацията/редакцията Валя_Йорданова
944 ## - СЪЗДАВАНЕ И РЕДАКЦИЯ на ЗАПИСА
Създаване/Редакция Редакция
Дата на регистрацията/редакция 29.10.2007
Служител, извършил регистрацията/редакцията
999 ## - СИСТЕМНИ КОНТРОЛНИ НОМЕРА
Koha biblionumber 71348
Koha biblioitemnumber 71348
Наличности
Код за отписване Код за изгубен артикул Източник на класификационната схема Код за повреда Коз за рестрикции Код за отдаване Артикулен № Име на библиотеката - собственик Име на библиотеката, в която се намира в момента Статус (Текущо местоположение) Дата на вписване в системата Местоположение - отдел Цена в лева Инвентарен номер Систематично азбучна сигнатура Баркод Номер на екземпляра Цена в евро Служебна бележка Служебен тип на артикула
Изтеглен Не е изгубен Universal Decimal Classification Не е повреден без рестрикции заемане за дома 116453 Регионална библиотека "Любен Каравелов" Русе Регионална библиотека "Любен Каравелов" Русе Заемна - подръчен фонд 2007-06-14 Заемна - подръчен фонд 22.50 120000714588 П 338.4/Р 53 120000714588 1 11.50 Дост: Pk Вид: Ф N: 401173 Дата: 05.06.2007 Дата инв: 24.01.2015 Бележки инв: П2015 Книги
  Не е изгубен Universal Decimal Classification Не е повреден само за читалня ползва се в читалня 116454 Регионална библиотека "Любен Каравелов" Русе Регионална библиотека "Любен Каравелов" Русе Читалня 2007-10-29 Читалня 25.00 120000718939 Ч 338.4/Р 53 120000718939 2 12.78 Дост: Pk Вид: Ф N: 10135 Дата: 24.10.2007 Дата инв: 06.04.2017 Бележки инв: Ч2017 Книги
Vip Innovations Ltd, Rousse, Bulgaria 2025